Представление документа в формате MARC21

ПолеНазваниеЗначение
  Тип записи a
  Библиографический уровень m
001 Контрольный номер RU/URAIT/589706
005 Дата корректировки 20260429163607.6
008 Кодируемые данные 260429s2026 RU y f j 000 0 rus u
020 Индекс ISBN __
a ISBN 978-5-534-18893-6
c Цена, тираж 1689.00
040 Источник каталогиз. __
a Служба первич. каталог. ИКО Юрайт
c Служба, преобразующая запись ИКО Юрайт
e Правила каталог. RCR
041 Код языка издания __
a Код языка текста rus
044 Код страны публикации __
a Код страны публикации RU
080 Индекс УДК __
a Индекс УДК 330.658(075.8)
084 Индекс другой классификации/Индекс ББК __
2 Источник индекса rubbk
a Индекс другой классификации/Индекс ББК 65.290-2я73
100 Автор __
a Автор Кочеткова А. И.
q Полное имя Кочеткова Александра Игоревна
245 Заглавие __
a Заглавие Управление структурным подразделением
b Продолж. заглавия учебник и практикум для вузов
c Ответственность А. И. Кочеткова, П. Н. Кочетков.
250 Сведения об издании __
g испр. и доп
a Основные сведения об издании 6-е изд.
256 Характеристики компьютерного файла __
a Характеристики компьютерного файла Электрон. дан.
260 Выходные данные __
a Место издания Москва
b Издательство Юрайт
c Дата издания 2026
300 Физическое описание __
a Объем 314 с
440 Серия __
a Серия Высшее образование
500 Примечания __
a Примечание URL: https://urait.ru/bcode/589706 (дата обращения: 29.04.2026).
520 Аннотация __
a Аннотация Данный курс основывается на современных теориях, методах и практиках управления структурными подразделениями и формировании эффективных команд. В курсе подробно рассмотрен широкий круг вопросов управления структурными подразделениями, включая психологические основы мотивации труда, процесс принятия решений, управление поведением работников и групп в коллективе, формирование команд и управление ими и др. Каждая тема включает теоретические материалы, практические примеры и задания для закрепления знаний и развития навыков управления структурными подразделениями и командами. Соответствует актуальным требованиям федерального государственного образовательного стандарта высшего образования. Для студентов высших учебных заведений, изучающих специализацию управления, бизнес-администрирования или смежные дисциплины.
538 Прим. о системных особенностях __
a Прим. о системных особенностях Режим доступа: Электронно-библиотечная система Юрайт, для авториз. пользователей
653 Ключевые слова __
a Ключевые слова Менеджмент
653 Ключевые слова __
a Ключевые слова Менеджмент
653 Ключевые слова __
a Ключевые слова Менеджмент
653 Ключевые слова __
a Ключевые слова Управление структурным подразделением организации
653 Ключевые слова __
a Ключевые слова Управление структурным подразделением организации и малым предприятием
653 Ключевые слова __
a Ключевые слова Управление структурным подразделением организации и организацией в целом
653 Ключевые слова __
a Ключевые слова Управление структурным подразделением
653 Ключевые слова __
a Ключевые слова Управление структурным подразделением и его организация
653 Ключевые слова __
a Ключевые слова Управление структурным подразделением организации (предприятия)
653 Ключевые слова __
a Ключевые слова Управление структурным подразделением организации (предприятия) и малым предприятием
653 Ключевые слова __
a Ключевые слова Управление структурными подразделениями предприятий питания
653 Ключевые слова __
a Ключевые слова Управление структурным подразделением (участком) по производству бриллиантов
653 Ключевые слова __
a Ключевые слова Управление командами
653 Ключевые слова __
a Ключевые слова Управление структурными подразделениями организации
653 Ключевые слова __
a Ключевые слова Управление структурным подразделением организации: Стратегический менеджмент
700 Другие авторы __
a Другие авторы Кочетков П. Н.
q Полное имя Кочетков Павел Никитович
856 Электронный адрес документа 40
n Местонахождение сервера Юрайт
g Электронная книга
q Тип электронного формата html
h Имя пользователя ЮРАЙТ
v Часы доступа к ресурсу 20271231
2 Способ доступа Показать документ
x Служебное примечание https://urait.ru/book/cover/26003324-0258-433E-A912-D182EEBD29A9
u URL https://urait.ru/bcode/589706
856 Электронный адрес документа 48
q Тип электронного формата cover
u URL https://urait.ru/book/cover/26003324-0258-433E-A912-D182EEBD29A9
911 __
u 0030=https://urait.ru/bcode/589706
911 __
u 073a=9785534188936
u 073d=1689.00
911 __
u 106a=s
911 __
u 900l=
952 Тип литературы __
i Дисциплина Менеджмент
952 Тип литературы __
i Дисциплина Управление структурным подразделением организации
952 Тип литературы __
i Дисциплина Управление структурным подразделением организации и малым предприятием
952 Тип литературы __
i Дисциплина Управление структурным подразделением организации и организацией в целом
952 Тип литературы __
i Дисциплина Управление структурным подразделением
952 Тип литературы __
i Дисциплина Управление структурным подразделением и его организация
952 Тип литературы __
i Дисциплина Управление структурным подразделением организации (предприятия)
952 Тип литературы __
i Дисциплина Управление структурным подразделением организации (предприятия) и малым предприятием
952 Тип литературы __
i Дисциплина Управление структурными подразделениями предприятий питания
952 Тип литературы __
i Дисциплина Управление структурным подразделением (участком) по производству бриллиантов
952 Тип литературы __
i Дисциплина Управление командами
952 Тип литературы __
i Дисциплина Управление структурными подразделениями организации
952 Тип литературы __
i Дисциплина Управление структурным подразделением организации: Стратегический менеджмент